[Event "FIDE World Uni Blitz-B 1st"]
[Site "Tornelo INT"]
[Date "2021.03.13"]
[Round "9.48"]
[White "Lopez Gonzalez, Abel Fabian"]
[Black "Ghulyan, Janik"]
[Result "1-0"]
[WhiteElo "2379"]
[BlackElo "1766"]
[PlyCount "65"]
[EventDate "2021.03.13"]
[EventType "swiss (blitz)"]
[EventRounds "10"]
[EventCountry "NET"]
[SourceTitle "EXT 2022"]
[Source "ChessBase"]
[SourceDate "2021.10.06"]
[SourceVersion "1"]
[SourceVersionDate "2021.10.06"]
[SourceQuality "1"]

1. d4 Nf6 2. c4 e6 3. Nc3 Bb4 4. g3 d5 5. Bg2 0-0 6. Nf3 b6 7. 0-0 Bb7 8. Qb3 Qe7 9. a3 Bxc3 10. Qxc3 c5 11. Bg5 h6 12. Bf4 Nc6 13. dxc5 Qxc5 14. Ne5 d4 15. Qc2 Nxe5 16. Bxb7 Rab8 17. b4 Qxc4 18. Qxc4 Nxc4 19. Bxb8 Rxb8 20. Ba6 b5 21. a4 bxa4 22. Bxc4 Ne4 23. Rxa4 Nd2 24. Rc1 Rc8 25. b5 e5 26. Bxf7+ Kxf7 27. Rxc8 Nb3 28. Rxa7+ Kf6 29. b6 e4 30. b7 d3 31. exd3 exd3 32. b8Q d2 33. Qxb3 1-0

[Event "FISU World University"]
[Site "Tornelo INT"]
[Date "2020.10.28"]
[Round "9.1"]
[White "Chen, Qi B"]
[Black "Lopez Gonzalez, Abel Fabian"]
[Result "1-0"]
[WhiteElo "2493"]
[BlackElo "2379"]
[PlyCount "53"]
[EventDate "2020.10.26"]
[EventType "team-swiss (rapid)"]
[EventRounds "9"]
[EventCountry "NET"]
[SourceTitle "CBM 199 Extra"]
[Source "ChessBase"]
[SourceDate "2021.01.31"]
[SourceVersion "1"]
[SourceVersionDate "2021.01.31"]
[SourceQuality "1"]
[WhiteTeam "China"]
[BlackTeam "Cuba"]
[WhiteTeamCountry "CHN"]
[BlackTeamCountry "CUB"]

1. e4 e5 2. Nf3 Nc6 3. Bb5 a6 4. Ba4 Nf6 5. 0-0 Be7 6. Re1 b5 7. Bb3 d6 8. c3 0-0 9. a4 Na5 10. Bc2 Bb7 11. d4 Nd7 12. Na3 exd4 13. Nxd4 c5 14. Nf5 b4 15. cxb4 cxb4 16. Bd2 Nc6 17. Nc4 Nde5 18. Nxe5 dxe5 19. Qg4 g6 20. Rad1 Nd4 21. Be3 Bc5 22. Bb3 Qb6 23. Nxd4 Bxd4 24. Bxd4 exd4 25. e5 Rad8 26. e6 fxe6 27. Rxe6 1-0